| 000 | 01225nam a22002897a 4500 | ||
|---|---|---|---|
| 001 | 03351 | ||
| 003 | HDC | ||
| 007 | cr bn --- | ||
| 008 | 210107b20172017my ||||| |||| 00| 0 eng d | ||
| 040 | _aHDC | ||
| 245 | 0 |
_aTrustworthiness of halal products among Muslim consumer _c/ Rahimah Mohamed Yunos, Nor Balkish Zakaria and Che Faridah Che Mahmood |
|
| 260 |
_aMalaysia: _bAccounting Research Institute, UiTM, _c2017 |
||
| 300 | _a1 online resource (10 pages) | ||
| 336 |
_atext _2rdacontent |
||
| 337 |
_acomputer _2rdamedia |
||
| 338 |
_aonline resource _2rdacarrier |
||
| 500 |
_aExtract from: Proceedings of the 8th International Conference on Financial Criminology, 2017 _aIncludes bibliographical references |
||
| 650 |
_aConsumer behavior _zMalaysia _91988 |
||
| 650 |
_aHalal food industry _zMalaysia _9218 |
||
| 700 |
_aChe Faridah Che Mahmood _ejoint author _92569 |
||
| 700 |
_aNor Balkish Zakaria _ejoint author _91990 |
||
| 700 |
_aRahimah Mohamed Yunos _ejoint author _92568 |
||
| 856 | _zRequest full-text at [email protected] | ||
| 942 | _2lcc | ||
| 942 | _cCONP | ||
| 942 | _kCONF 000261 | ||
| 999 |
_c737 _d737 |
||